000 00372nam a2200145Ia 4500
008 191201s2007 xx 000 0 und d
082 _a005.26
_bHAM
100 _aHall, Douglas V
245 0 _aMicroprocessor and Interfacing
250 _aRep
260 _aN.Delhi
_bTata mc Graw Hill Pubg. co. Ltd
_c2007
300 _a9.27
650 _aB.Tech(TE)
942 _2ddc
_cBK
_013
999 _c3408
_d3408